<?xml version="1.0" encoding="UTF-8"?>
<record
    xmlns:xsi="http://www.w3.org/2001/XMLSchema-instance"
    xsi:schemaLocation="http://www.loc.gov/MARC21/slim http://www.loc.gov/standards/marcxml/schema/MARC21slim.xsd"
    xmlns="http://www.loc.gov/MARC21/slim">

  <leader>01161nam a22002297a 4500</leader>
  <controlfield tag="005">20161216092125.0</controlfield>
  <controlfield tag="008">161128b        mx ||||| |||| 00| 0 spa d</controlfield>
  <datafield tag="020" ind1=" " ind2=" ">
    <subfield code="a">9786076101698</subfield>
  </datafield>
  <datafield tag="050" ind1="0" ind2="4">
    <subfield code="a">KGF5875</subfield>
    <subfield code="b">B46 2015</subfield>
  </datafield>
  <datafield tag="100" ind1="1" ind2=" ">
    <subfield code="a">Benavente Chorres, Hesbert.</subfield>
  </datafield>
  <datafield tag="245" ind1="1" ind2="0">
    <subfield code="a">Estrategias para el desahogo de prueba en el juicio oral :</subfield>
    <subfield code="b">conforme al c&#xF3;digo nacional de procedimientos penales : estrategias para investigaci&#xF3;n de delitos : t&#xE9;cnicas de entrevista e &#xED;nterrogatorio : teor&#xED;a del caso : desahogo de la prueba personal, documentada, documental, material y otros medios probatorios : jurisprudencia, esquema, procedimental y formularios /</subfield>
    <subfield code="c">Hesbert Benavente Chorres.</subfield>
  </datafield>
  <datafield tag="250" ind1=" " ind2=" ">
    <subfield code="a">1a ed.</subfield>
  </datafield>
  <datafield tag="260" ind1=" " ind2=" ">
    <subfield code="a">M&#xE9;xico :</subfield>
    <subfield code="b">Flores Editor y Distribuidor,</subfield>
    <subfield code="c">2015</subfield>
  </datafield>
  <datafield tag="300" ind1=" " ind2=" ">
    <subfield code="a">lix, 378 p. ;</subfield>
    <subfield code="c">23 cm.</subfield>
  </datafield>
  <datafield tag="490" ind1="0" ind2=" ">
    <subfield code="a">Nuevo Sistema Penal Acusatorio.</subfield>
  </datafield>
  <datafield tag="504" ind1=" " ind2=" ">
    <subfield code="a">Bibliograf&#xED;a : p. 343-350.</subfield>
  </datafield>
  <datafield tag="650" ind1=" " ind2="7">
    <subfield code="2">lemb</subfield>
    <subfield code="a">Procedimiento penal</subfield>
    <subfield code="z">M&#xE9;xico</subfield>
  </datafield>
  <datafield tag="650" ind1=" " ind2="7">
    <subfield code="2">lemb</subfield>
    <subfield code="a">Procedimiento penal</subfield>
    <subfield code="x">Juicios orales</subfield>
    <subfield code="z">M&#xE9;xico</subfield>
  </datafield>
  <datafield tag="650" ind1=" " ind2="7">
    <subfield code="2">lemb</subfield>
    <subfield code="a">Procedimiento penal</subfield>
    <subfield code="x">Argumentaci&#xF3;n jur&#xED;dica</subfield>
    <subfield code="z">M&#xE9;xico</subfield>
  </datafield>
  <datafield tag="650" ind1=" " ind2="4">
    <subfield code="a">Desahogo de pruebas</subfield>
    <subfield code="x">Legislaci&#xF3;n</subfield>
    <subfield code="z">M&#xE9;xico</subfield>
  </datafield>
  <datafield tag="942" ind1=" " ind2=" ">
    <subfield code="2">lcc</subfield>
    <subfield code="c">LIB</subfield>
  </datafield>
  <datafield tag="999" ind1=" " ind2=" ">
    <subfield code="c">122491</subfield>
    <subfield code="d">122491</subfield>
  </datafield>
  <datafield tag="952" ind1=" " ind2=" ">
    <subfield code="1">0</subfield>
    <subfield code="2">lcc</subfield>
    <subfield code="4">0</subfield>
    <subfield code="7">0</subfield>
    <subfield code="a">CGED-NCH</subfield>
    <subfield code="b">CGED-NCH</subfield>
    <subfield code="c">GENERAL</subfield>
    <subfield code="d">2016-11-28</subfield>
    <subfield code="e">PROFOCIE-2014</subfield>
    <subfield code="f">1a ed.</subfield>
    <subfield code="k">CSA</subfield>
    <subfield code="o">KGF5875 B46 2015</subfield>
    <subfield code="p">CGED-NCH000000049</subfield>
    <subfield code="r">2016-11-28 00:00:00</subfield>
    <subfield code="t">1</subfield>
    <subfield code="y">LIB</subfield>
  </datafield>
  <datafield tag="952" ind1=" " ind2=" ">
    <subfield code="1">0</subfield>
    <subfield code="2">lcc</subfield>
    <subfield code="4">0</subfield>
    <subfield code="7">0</subfield>
    <subfield code="a">CGED-NU</subfield>
    <subfield code="b">CGED-NU</subfield>
    <subfield code="c">GENERAL</subfield>
    <subfield code="d">2016-11-28</subfield>
    <subfield code="e">PROFOCIE-2014</subfield>
    <subfield code="f">1a</subfield>
    <subfield code="k">CSA</subfield>
    <subfield code="o">KGF5875 B46 2015</subfield>
    <subfield code="p">CGED-NU000000165</subfield>
    <subfield code="r">2016-11-28 00:00:00</subfield>
    <subfield code="t">1</subfield>
    <subfield code="y">LIB</subfield>
  </datafield>
  <datafield tag="952" ind1=" " ind2=" ">
    <subfield code="1">0</subfield>
    <subfield code="2">lcc</subfield>
    <subfield code="4">0</subfield>
    <subfield code="7">0</subfield>
    <subfield code="a">CGED-NCO</subfield>
    <subfield code="b">CGED-NCO</subfield>
    <subfield code="c">GENERAL</subfield>
    <subfield code="d">2016-11-29</subfield>
    <subfield code="e">PROFOCIE-2014</subfield>
    <subfield code="f">1a </subfield>
    <subfield code="k">CSA</subfield>
    <subfield code="o">KGF5875 B46 2015</subfield>
    <subfield code="p">CGED-NCO000000119</subfield>
    <subfield code="r">2016-11-29 00:00:00</subfield>
    <subfield code="t">1</subfield>
    <subfield code="y">LIB</subfield>
  </datafield>
  <datafield tag="952" ind1=" " ind2=" ">
    <subfield code="1">0</subfield>
    <subfield code="2">lcc</subfield>
    <subfield code="4">0</subfield>
    <subfield code="7">0</subfield>
    <subfield code="a">CGED-NZA</subfield>
    <subfield code="b">CGED-NZA</subfield>
    <subfield code="c">GENERAL</subfield>
    <subfield code="d">2016-11-29</subfield>
    <subfield code="e">PROFOCIE-2014</subfield>
    <subfield code="f">1a ed.</subfield>
    <subfield code="k">CSA</subfield>
    <subfield code="o">KGF5875 B46 2015</subfield>
    <subfield code="p">CGED-NZA000000012</subfield>
    <subfield code="r">2016-11-29 00:00:00</subfield>
    <subfield code="t">1</subfield>
    <subfield code="y">LIB</subfield>
  </datafield>
  <datafield tag="952" ind1=" " ind2=" ">
    <subfield code="1">0</subfield>
    <subfield code="2">lcc</subfield>
    <subfield code="4">0</subfield>
    <subfield code="7">0</subfield>
    <subfield code="a">CGED-NZ</subfield>
    <subfield code="b">CGED-NZ</subfield>
    <subfield code="c">GENERAL</subfield>
    <subfield code="d">2016-11-30</subfield>
    <subfield code="e">PROFOCIE-2014</subfield>
    <subfield code="f">1a ed.</subfield>
    <subfield code="k">CSA</subfield>
    <subfield code="o">KGF5875 B46 2015</subfield>
    <subfield code="p">CGED-NZ000000114</subfield>
    <subfield code="r">2016-11-30 00:00:00</subfield>
    <subfield code="t">C : 1</subfield>
    <subfield code="y">LIB</subfield>
  </datafield>
  <datafield tag="952" ind1=" " ind2=" ">
    <subfield code="1">0</subfield>
    <subfield code="2">lcc</subfield>
    <subfield code="4">0</subfield>
    <subfield code="7">0</subfield>
    <subfield code="a">CGED-NLP</subfield>
    <subfield code="b">CGED-NLP</subfield>
    <subfield code="c">GENERAL</subfield>
    <subfield code="d">2016-11-30</subfield>
    <subfield code="e">PROFOCIE-2014</subfield>
    <subfield code="f">1a. ed.</subfield>
    <subfield code="k">CSA</subfield>
    <subfield code="o">KGF5875 B46 2015</subfield>
    <subfield code="p">CGED-NLP000000053</subfield>
    <subfield code="r">2016-11-30 00:00:00</subfield>
    <subfield code="t">C:1</subfield>
    <subfield code="y">LIB</subfield>
  </datafield>
  <datafield tag="952" ind1=" " ind2=" ">
    <subfield code="1">0</subfield>
    <subfield code="2">lcc</subfield>
    <subfield code="4">0</subfield>
    <subfield code="7">0</subfield>
    <subfield code="a">CGED-NADR</subfield>
    <subfield code="b">CGED-NADR</subfield>
    <subfield code="c">GENERAL</subfield>
    <subfield code="d">2016-12-01</subfield>
    <subfield code="e">PROFOCIE-2014</subfield>
    <subfield code="f">1a</subfield>
    <subfield code="k">CSA</subfield>
    <subfield code="o">KGF5875 B46 2015</subfield>
    <subfield code="p">CGED-NADR000000019</subfield>
    <subfield code="r">2016-12-01 00:00:00</subfield>
    <subfield code="t">1</subfield>
    <subfield code="y">LIB</subfield>
  </datafield>
  <datafield tag="952" ind1=" " ind2=" ">
    <subfield code="1">0</subfield>
    <subfield code="2">lcc</subfield>
    <subfield code="4">0</subfield>
    <subfield code="7">0</subfield>
    <subfield code="a">CGED-NAR</subfield>
    <subfield code="b">CGED-NAR</subfield>
    <subfield code="c">GENERAL</subfield>
    <subfield code="d">2016-12-02</subfield>
    <subfield code="e">PROFOCIE-2014</subfield>
    <subfield code="f">1a</subfield>
    <subfield code="k">CSA</subfield>
    <subfield code="o">KGF5875 B46 2015</subfield>
    <subfield code="p">CGED-NAR000000070</subfield>
    <subfield code="r">2016-12-02 00:00:00</subfield>
    <subfield code="t">1</subfield>
    <subfield code="y">LIB</subfield>
  </datafield>
</record>
